000 00646nam a2200181 a 4500
001 000030976
005 20200930062627.0
008 110608s1951 bccabc 001 | eng d
040 _aDO-SdBNP
_bspa
_cBNPHU
082 _axxx
_bP822c
100 1 _aPoole, Bernard L.
_957492
245 1 0 _aThe caribbean commission :
_bbackground of cooperation in the West Indies /
_cBernard L. Poole.
260 _aColumbia :
_bUniversity of South Carolina Press,
_c1951.
300 _a303 p. :
_bil., mapas, retrs. ;
_c24 cm.
504 _aIncluye referencias bibliográficas y notas al pie de páginas.
500 _aIncluye índice onomástico.
049 _aBNPD
999 _c30468
_d30468